| 000 -LEADER |
| fixed length control field |
01086nam a22001457a 4500 |
| 008 - FIXED-LENGTH DATA ELEMENTS--GENERAL INFORMATION |
| fixed length control field |
220704b ||||| |||| 00| 0 eng d |
| 100 ## - MAIN ENTRY--PERSONAL NAME |
| Personal name |
Chawla, Arun |
| 245 ## - TITLE STATEMENT |
| Title |
Employment and human resource |
| 260 ## - PUBLICATION, DISTRIBUTION, ETC. (IMPRINT) |
| Place of publication, distribution, etc |
Yojana |
| 300 ## - PHYSICAL DESCRIPTION |
| Extent |
66(3), Mar, 2022: p.47-49 |
| 520 ## - SUMMARY, ETC. |
| Summary, etc |
The Covid-19 pandemic has severely impacted the population globally in their economic well-being and long-term livelihoods. While the crisis has taken a toll on all socio-economic sections, the disadvantaged sections stand more vulnerable due to the disadvantaged sections stand more vulnerable due to the augmented risk of informal sector jobs, uncertain incomes, meagre savings and low accessibility to rescores, including technology, including. Skill development is a crucial sector relevant to economic growth and reaping India’s demographic divided. While most developed nations are experiencing an ageing population, India has the opportunity to produce skilled human resources and become the work’s skill capital – Reproduced |
| 773 ## - HOST ITEM ENTRY |
| Main entry heading |
Yojana |
| 906 ## - LOCAL DATA ELEMENT F, LDF (RLIN) |
| Subject DIP |
EMPLOYMENT |
| 942 ## - ADDED ENTRY ELEMENTS (KOHA) |
| Item type |
Articles |